000 01016nam a22002657a 4500
999 _c5291
_d5291
003 AR-CdUCM
008 190312b ||||| |||| 00| 0 spa d
040 _aMUNICIPALIDAD PROVINCIAL DEL CUSCO
_cBIBLIOTECA MUNICIPAL DEL CUSCO
041 _hfre
082 _a142 /
_bL22
100 _aLanteri-Laura, Georges
_915994
245 _aPsiquiatría Fenomenológica :
_bFundamentos Filosóficos /
260 _aBuenos Aires :
_bEdiciones Troquel ;
_c1965.
300 _a264 páginas ;
_c20cm
440 _aColecciones El Tema del Hombre
_nPsiquiatría
_915995
505 _aContenido: Hegel y su crítica por Kierkegaard -- La fenomenología de Husserl -- Aproximaciones al pensamientos de Heidegger -- La ontología fenomenológica de Sartre...
650 _aPsiquiatría
_96305
650 _aFenomenología
_915996
650 _aConciencia
_911784
650 _aFilosofía
_9395
650 _aPensamiento
_9461
700 _aAguirre, Raúl Gustavo (traducción)
_915997
942 _2ddc
_cLIBROS
945 _anom